000 01601cam a22004217a 4500
003 CHAP
005 20220329142314.0
008 000605d1999 mx a r 00110 spa d
010 _a81370
011 _a82342
022 _a1405-373X
035 _a92833
040 _cCHAP
082 0 4 _a632.9
_bP32
100 0 0 _aPacheco Covarrubias, Juan José
_ecomp.
_984543
245 1 0 _aMosquita blanca en el noroeste de México :
_b1998
_c/comp. por Juan José Pacheco Covarrubias
260 _aCd. Obregón, Son. :
_bINIFAP. Campo Experimental Valle del Yaqui,
_c1999.
300 _a80 p.
410 _aINIFAP. México. Campo Experimental Valle del Yaqui
490 0 _aMemoria científica
_v;7
590 _aBATCH-UPD
_b10
_c20130110
_lUCH01
_h0438
590 _aBATCH-UPD
_b10
_c20130110
_lUCH01
_h2148
590 _aBATCH-UPD
_b10
_c20130410
_lUCH01
_h0114
590 _aBATCH-UPD
_b10
_c20130410
_lUCH01
_h1629
590 _aBATCH-UPD
_b10
_c20130914
_lUCH01
_h0559
590 _aBATCH-UPD
_b10
_c20130914
_lUCH01
_h2134
590 _aCONVERSION
_b10
_c20130109
_lUCH01
_h1345
650 1 4 _aBemisia argentifolii.
_911495
650 1 4 _aManejo integrado de plagas.
_970365
810 0 0 _aINIFAP. México. Campo Experimental Valle del Yaqui
_958771
830 0 0 _aMemoria científica
_v;7
_974511
901 _aBK
905 _aLilia Sánchez G.
942 _cLIBRO
949 _a632.9 P32
_bBC
_cLIBRO
_d33724000779237
_eLIBRO
_h98131
_i92833
_si
949 _a632.9 P32
_bBC
_cLIBRO
_d33724000779260
_eLIBRO
_fc.2
_h98157
_i92833
_si
949 _a632.9 P32
_bBC
_cLIBRO
_d33724000811386
_eLIBRO
_fc.3
_h99413
_i92833
_kDonaciØn
_si
999 _c81370
_d81370